[Event "Bundesliga 0304"]
[Site "Germany"]
[Date "2004.03.08"]
[Round "11.2"]
[White "Berezovsky, Igor"]
[Black "Hickl, Joerg"]
[Result "1-0"]
[WhiteElo "2444"]
[BlackElo "2562"]
[Annotator "Erenburg,S"]
[PlyCount "59"]
[EventDate "2003.11.01"]
[EventType "team-tourn"]
[EventRounds "15"]
[EventCountry "GER"]
[SourceTitle "CBM 100"]
[Source "ChessBase"]
[SourceDate "2004.06.01"]
[SourceVersion "1"]
[SourceVersionDate "2004.06.01"]
[SourceQuality "1"]
[WhiteTeam "Stuttgart"]
[BlackTeam "Hofheim"]
[WhiteTeamCountry "GER"]
[BlackTeamCountry "GER"]

1. e4 d6 2. d4 g6 3. Nc3 Bg7 4. Be3 a6 5. Qd2 b5 {Another possible
continuation is} (5... Nd7 {0-1 Shaw,J-Radjabov,T/Plovdiv 2003/CBM 98/
[Erenburg] (33)}) 6. Bd3 {There are following possiblities:} (6. f3 {1-0
Naiditsch,A-Tischbierek,R/Altenkirchen 2001/CBM 87/[Gofshtein,L] (28)}) (6. a4
{0-1 Bitansky,I-Kantsler,B/Tel Aviv 2002/CBM 93/[Finkel,A] (31)}) (6. h4 {
1-0 Adams,M-Hodgson,J/Southend 2001/CBM 83/[Rabinovich,Al] (27)}) (6. O-O-O Bb7
7. f3 Nd7 8. h4 $13 {0-1 Gufeld,E-Kindermann,S/Dortmund 1983/MCD (42)}) (6. Nf3
{0-1 Krylov,S-Azmaiparashvili,Z/Istanbul 2000/EXT 2001/[Finkel,A] (29)}) 6...
Nc6 $5 {[%cal Gc6d4,Gc6b4,Yg7d4] Quite a rare continuation. Black attacks
white's pawn d4, and, sometimes, intends to get a pair of bishops.} ({More
popular is} 6... Nd7 {0-1 Ashley,M-Khalifman,A/Bad Wiessee 1997/CBM 61 ext/
[Jussupow] (34)}) 7. Nce2 $5 {White doesn't want to play d5 before black plays
e7-e5. As the result of an immediate d4-d5, black's dark-squared bishop could
become very dangeroous. White tried also} (7. d5 Na5 8. Be2 c5 9. dxc6 Nxc6 10.
a3 Nf6 11. f3 O-O 12. h4 h5 13. Nh3 Bxh3 14. Rxh3 Rc8 15. Rh1 Ne5 $15 {1/2-1/2
Werner,M-Hickl,J/Germany 2000/CBM 75 ext (40)}) (7. a4 b4 8. Nce2 Rb8 9. Nf3 e6
10. O-O Nf6 11. Bh6 O-O 12. Bxg7 Kxg7 13. e5 Nd5 14. Nf4 Nce7 15. Rfe1 Nxf4 16.
Qxf4 $14 {1/2-1/2 Rabiega,R-Hickl,J/Austria 2000/EXT 2001 (46)}) (7. Nge2 e5 8.
d5 Nd4 9. O-O Ne7 10. a4 b4 11. Nd1 c6 12. Bxd4 exd4 13. Qxb4 $16 {1/2-1/2
Rosen,D-Townsend,M/England 1999/EXT 2000 (29)}) 7... e5 {Black creates the
pawn structure, which is peculiar to the King's Indian. Thus black gets a plan
of counterplay, which is connected with carrying out f7-f5.} (7... Nf6 8. Nf3
O-O (8... Ng4 9. Bg5 $14) 9. d5 $14) 8. d5 Nce7 9. O-O-O {New move. In the
preceding game white continued} (9. f3 f5 10. a4 Bd7 11. Nc3 b4 12. Na2 a5 13.
c3 Nf6 14. Ne2 c6 15. dxc6 Bxc6 16. exf5 Nxf5 17. Bxf5 gxf5 18. cxb4 axb4 19.
Nxb4 Rxa4 20. O-O $14 {1-0 Sepp,O-Svirjov,I/Tallinn 1999/CBM 70 ext (49)}) 9...
f5 10. f3 Nf6 11. Kb1 {White tries to solve the problem of developing the
kingside pieces liberating the c1 square for the knight.} O-O 12. Nc1 Kh8 {
Maybe it is a bit slow.} ({Interesting is} 12... Bd7 {with c7-c6 following.}) (
{In case of} 12... f4 13. Bf2 {black remains without counterplay on the
kingside, as there isn't pressure on white's centre.}) ({In my opinion, the
best option for black was} 12... fxe4 13. fxe4 (13. Bxe4 c6 14. dxc6 d5 15. Bc5
Be6 $36) 13... Ng4 {eliminating the important white's dark-squared bishop.})
13. Bg5 $1 {Now white doesn't allow black an option of fxe4 with following Ng4.
} (13. Nge2 $6 fxe4 14. fxe4 Ng4) 13... Qe8 {preparing to attack white's
centre with c7-c6.} 14. Nb3 {intending to occupy the a5 square by the knight.}
c6 15. dxc6 Qxc6 {Black took with the queen, as he wants to keep the maximum
control on the d5 square.} 16. Ne2 Be6 $6 {In my opinion, it was the right
moment for the breakthrough in the centre:} (16... d5 17. exd5 Nexd5 18. Rhe1
Ra7 $11 {[%cal Ga7e7]}) 17. exf5 gxf5 18. Rhe1 $1 Qd7 ({Worse is} 18... d5 $2 {
, in view of} 19. Ned4 $1 Qd6 20. Qe3 Nfg8 21. f4 e4 22. Be2 $16) 19. Ng3 $1
Rad8 $2 {missing a tactical resource for white. Better was one of the
following possibilities:} (19... Rac8 20. Nd4 exd4 21. Qe2 f4 22. Qxe6 Qxe6 23.
Rxe6 fxg3 24. Rxe7 Nd5 25. Rd7 gxh2 26. Bh6 Rg8 27. Rh1 $14) (19... f4 20. Bxf6
(20. Ne4 Nfd5 $15) (20. Ne2 Ned5 $13) 20... Bxf6 21. Nh5 Bg5 22. h4 Bh6 23. g4
$13) {[%tqu "En","Please find the best move for white.","","","b3d4","",10]}
20. Nd4 $1 f4 $2 {Black got totally carried away and made another mistake,
which allows white to get a decisive advantage.} ({After} 20... exd4 {white's
advantage isn't so big:} 21. Qe2 Bxa2+ (21... f4 22. Qxe6 Qxe6 23. Rxe6 fxg3
24. Rxe7 gxh2 25. Rh1 $16 {[%cal Yg5d8]}) 22. Kxa2 Rde8 23. Qe6 $14) 21. Nxe6
Qxe6 22. Bxf4 $18 {Now white's position is winning, as he is a pawn up, he has
a pair of bishops, which is very active. Also black has many weaknesses -
vulnerable pawns as well as weak light squares. All these factors promise
white an easy victory.} Nfd5 23. Bg5 Rd7 (23... h6 {doesn't change too much.}
24. Bxe7 Nxe7 25. Qe3 $1 {[%cal Ge3e4]} Nd5 (25... d5 26. Nh5) 26. Qe4 Nf6 27.
Qc6 Rc8 28. Qb7 Rb8 29. Bf5 $18) 24. Nh5 Rg8 ({After} 24... h6 {white wins as
well:} 25. Bxe7 Nxe7 26. f4 $18) 25. Nxg7 Rxg7 26. h4 Nc6 $6 27. Bf5 $1 Qxf5
28. Qxd5 Nb4 (28... Ne7 29. Rxe5 $1 $18) 29. Qe4 $1 Qxe4 30. Rxe4 {[%cal Gg5f6,
Ge4b4] Black is going to lose an exchange, that will give white an enormous
material advantage. Therefore, black resigned.} 1-0

[Event "Bundesliga 0405"]
[Site "Germany"]
[Date "2004.11.26"]
[Round "7.3"]
[White "Machelett, Heiko"]
[Black "Efimenko, Zahar"]
[Result "0-1"]
[WhiteElo "2401"]
[BlackElo "2594"]
[Annotator "Erenburg,S"]
[PlyCount "60"]
[EventDate "2004.11.12"]
[EventType "team-tourn"]
[EventRounds "15"]
[EventCountry "GER"]
[SourceTitle "CBM 105"]
[Source "ChessBase"]
[SourceDate "2005.04.11"]
[SourceVersion "1"]
[SourceVersionDate "2005.04.11"]
[SourceQuality "1"]
[WhiteTeam "Erfurt"]
[BlackTeam "Werder Bremen"]
[WhiteTeamCountry "GER"]
[BlackTeamCountry "GER"]

1. d4 g6 2. e4 d6 3. Nf3 Bg7 4. Bd3 {Usually, in such positions white doesn't
develop his light-squared bishop to d3, unless black played Nf6.} c5 $1 {
This is the point! Black can immediately attack white's centre, because there
is no black knight on f6. It should be noted, that white's light-squared
bishop closes the "d" file, which plays in Black's hands.} (4... Nf6 5. O-O O-O
6. c3 Nh5 7. Re1 e5 8. h3 Nc6 9. Be3 h6 10. Na3 a6 11. Nc2 Qf6 12. Bf1 Nf4 13.
Kh2 g5 14. g3 Nxh3 15. Bxh3 g4 16. Nxe5 gxh3 17. Nd3 $14 {1-0 Zagrebelny,
S-Kakageldyev,A/Doha 2003/CBM 94/[Erenburg] (29)}) (4... Bg4 {Knaak} 5. c3 Nd7
6. Nbd2 c5 7. h3 Bxf3 8. Nxf3 cxd4 9. cxd4 Ngf6 10. O-O O-O 11. Re1 Rc8 12. e5
Nd5 13. Be4 N7b6 14. a4 $1 $16 {1-0 Espig,L-Jansa,V/Germany 1999/GER-chT2/
[Knaak] (32)}) 5. d5 $6 {White can get similar position after the following
order of moves: 1.e4 g6 2.d4 Bg7 3.Nf3 c5 4.d5 d6 5.Nc3... And, usually, white
develops his light-squared bishop to e2 or to b5, but never to d3. White had
the following possibilities:} (5. c3 cxd4 6. cxd4 Bg4 7. Qa4+ Bd7 8. Qb3 Nc6 9.
Be3 Nf6 10. h3 O-O 11. O-O a5 12. Nc3 Qb8 13. Rac1 a4 14. Qd1 b5 15. Bxb5 Nxe4
16. Bxa4 Nxc3 17. bxc3 Qc7 18. d5 Ne5 19. Bxd7 Nxd7 20. Qe2 Qa5 21. c4 Qxa2 $11
{0-1 Van den Bersselaar,J-Postny,E/Caleta ENG 2005/The Week in Chess 534 (68)})
(5. dxc5 dxc5 {Black even doesn't need to lose the time for Qa5+ and Qxc5!} 6.
O-O Nc6 7. h3 Nf6 8. Qe2 O-O 9. e5 Nd5 10. c3 Qc7 11. Re1 Rd8 $11 {1/2-1/2
Markowski,T-Urban,K/Warsaw 2001/CBM 082 (34)}) 5... Bg4 $1 $146 {Black
immediately solves the problem of developing the light-squared bishop. After
the exchange on f3, Black will remain with three good pieces. In the previous
games Black tried:} (5... Nf6 6. c4 O-O 7. O-O Bg4 8. Nc3 Nbd7 9. Be2 a6 10. a4
b6 11. Be3 Ne8 12. Qd2 e5 13. dxe6 fxe6 14. Ng5 Bxe2 15. Nxe6 $18 {1-0
Komljenovic,D-Diaz Castro,S/Dos Hermanas 2003/CBM 093 ext (28)}) (5... a6 6. c4
e5 7. dxe6 fxe6 8. Bg5 Qb6 9. e5 dxe5 10. Nc3 Nf6 11. Bxf6 Bxf6 12. Ne4 Bg7 13.
h4 Bd7 14. h5 $36 {1-0 Penalonga Sweers,A-Rodriguez Lopez,R/Mondariz 1994/EXT
98 (33)}) 6. O-O Nf6 7. Nbd2 {preparing to capture with the knight on f3.} O-O
8. Re1 Qc7 {In such positions with this pawn structure, usually, the best
location for the queen is on c7, as it disturbs white to carry out the
breakthrough e4-e5, and, at the same time, helps to manage counterplay on the
queenside.} 9. h3 Bxf3 10. Nxf3 c4 $1 {We can resume, that black has succeeded
to realize almost all his opening ideas! He changed his passive light-squared
bishop, while, his dark-squared one is extremely active now. With last move,
Black tries to get an advantage, occupying some space on the queenside, and
getting the c5 square for the queen's knight.} 11. Bf1 c3 12. b3 Nbd7 13. Bf4 {
Now the only white's plan is to carry out e4-e5, therefore, black prevents it
with} Nh5 14. Be3 Rac8 15. a4 {Interesting detail - almost all White's pawns
are located on the light squares, that makes White's light-squared bishop very
passive, as it doesn't have any diagonal...} ({If White tries to cover the c5
square by} 15. b4 $5 {, then Black gets the c4-square with} Nb6 {[%cal Yb6c4]})
15... Nc5 16. Bd4 (16. a5 {comes into consideration:} Nf6 17. Nd4 Ncxe4 18. Nb5
Qd8 19. Nxa7 Ra8 $13) 16... Nf6 17. Re3 $6 {In my opinion, White shouldn't
have allowed Black to change the c3 pawn for central e4 one...} (17. Bd3 {
deserves attention:} Nfd7 $141 $2 (17... Qa5 $142 $5) 18. Bxg7 Kxg7 19. Bc4 {
[%cal Yd1d4]}) 17... Ncxe4 18. Qe2 Nd2 $1 {Black saves the e7-pawn, which is a
very important one, and allows white to take on c3. As the result, Black's
dark-squared bishop will become even more active!} ({Bad is:} 18... Nc5 19.
Rxe7 Qb8 20. Bxf6 Bxf6 21. Re3 $11) 19. Rxc3 (19. Rxe7 Nxf3+ 20. gxf3 Qa5 $15)
19... Nxf3+ 20. Qxf3 Qa5 21. Re1 $4 {White blundered the pawn... Probably, he
forgot, that his rook on e1 will be under attack in the end of the variation.}
(21. Rxc8 Rxc8 22. c4 Nd7 23. Bxg7 Kxg7 24. Qe3 Re8 $15 {[%cal Ye7e6,Gd7c5,
Ya5b4]}) 21... Nxd5 {Why should not Black take the pawn, if it is possible?}
22. Bxg7 $6 (22. Rxc8 {gave white more chances:} Rxc8 23. Rd1 Bxd4 24. Rxd4 e6
25. c4 Qb6 $17) 22... Kxg7 23. Rxc8 Rxc8 24. Rd1 ({I guess, that in this
position white planned to win the pawn back with} 24. c4 $4 {, but white's
rook is under attack.} Qxe1 $19) 24... Nc3 $19 {Now black is a pawn up, and
his pieces are located much better, than White's ones. Black's plan is simple-
to push forward his pawns in the centre. The rest needs no comments.} 25. Re1
Rc7 26. Bc4 Nd5 27. Rd1 Nf6 28. Qe3 Qc5 29. Qf3 e6 30. Bd3 Qc3 0-1

[Event "RUS-ch 56th"]
[Site "Krasnoyarsk"]
[Date "2003.09.03"]
[Round "1"]
[White "Motylev, Alexander"]
[Black "Chernyshov, Konstantin"]
[Result "1-0"]
[WhiteElo "2634"]
[BlackElo "2541"]
[Annotator "Erenburg,S"]
[PlyCount "75"]
[EventDate "2003.09.03"]
[EventType "swiss"]
[EventRounds "9"]
[EventCountry "RUS"]
[SourceTitle "CBM 098"]
[Source "ChessBase"]
[SourceDate "2004.02.03"]
[SourceVersion "1"]
[SourceVersionDate "2004.02.03"]
[SourceQuality "1"]

1. e4 g6 2. d4 Bg7 3. Nc3 a6 {Usually black plays such moves after d7-d6, but
maybe it is only transposition...} 4. h4 {Typical idea. If black reacts with
h7-h5, he weakens the g5 square, which will be occupied by white knight. If
black decides to ignore white's last move, white pushes his pawn, thus, making
very dangerous for black to castle short.} (4. Be3 d6 {- main lines.}) 4... d5
$6 $146 {This position arised for the first time. Of course, more logical is} (
4... h5 5. Nf3 d6 (5... b5 6. Bd3 d6 7. Bg5 Bg4 8. e5 $6 dxe5 9. dxe5 Bxe5 $4 (
9... b4 $142) 10. Qe2 $2 (10. Bxb5+ axb5 11. Qxd8+ Kxd8 12. Nxe5 $18) 10... Nd7
11. Be4 Rb8 12. O-O-O Ngf6 13. Bc6 Bxc3 14. bxc3 O-O 15. Rhe1 Qc8 $13 {0-1
Zezulkin,J-Agrest,E/Podolsk 1990/TD (47)}) 6. Ng5 Nc6 7. Be3 e5 8. dxe5 Nxe5 9.
Qd2 f6 10. Nh3 Be6 11. Nf4 Bf7 $14 {0-1 Karpatchev,A-Kondenko,A/Novgorod 1999/
CBM 69 ext (36)}) 5. Nxd5 {White cannot win the pawn after} (5. exd5 Nf6 6. Bc4
b5 7. Bb3 b4) 5... c6 6. Ne3 Qxd4 7. Qxd4 Bxd4 8. h5 $14 {White's position is
slightly better, thanks to a space advantage. Now white can increase it,
pushing forward his kingside pawns, in addition, not allowing black to develop
his pieces normally.} Nd7 (8... Nf6 9. hxg6 fxg6 10. Nf3 $16) 9. f4 Bg7 (9...
Ngf6 10. hxg6 fxg6 11. e5 $14) 10. e5 $1 {This is a right decision to limit
the possibilities of black's dark-squared bishop, and, at the same time to rob
from black the option of developing the knight to f6.} Nb6 $6 {allowing white
to increase a space advantage even more.} (10... Nc5 11. g4 Nh6 12. g5 Nf5 13.
h6 Bf8 14. Ne2 $16) ({Black had to attack white's pawn phalanx with} 10... f6
$1 $14 11. hxg6 hxg6 12. Rxh8 Bxh8) 11. g4 $1 Nh6 $2 {Another mistake. Black
shouldn't allow white to push his pawns so easily. The following continuations
deserve attention:} (11... g5 12. Nf5 Bxf5 13. gxf5 g4 (13... gxf4) 14. Ne2 Nh6
15. Ng3 O-O-O 16. Bd2 $14) (11... f6 {still wasn't too late.}) 12. g5 Nf5 13.
Bd3 $6 {giving black a chance to change the character of the struggle.
Stronger was} (13. h6 $16) 13... Ng3 14. h6 Bf8 $2 {I think, that black has
missed his last chance in this game:} (14... Bxe5 $1 15. fxe5 Nxh1 16. Ne2 Nd7
17. Be4 (17. e6 $2 Nc5 $1) 17... Nxe5 18. Bd2 $14) 15. Rh2 $16 Nd5 (15... Na4
16. Ne2 Nxe2 17. Bxe2 $16) 16. Kf2 Nf5 17. Nxf5 Bxf5 {Of course, black is
interested to change his passive light-squared bishop, but the troubles only
begin for him...} (17... gxf5 18. Nf3 $16) 18. Bxf5 gxf5 {[%tqu "En","White's
position is better, how would you increase his advantage?","","","e5e6","",10]}
19. e6 $1 {[%mdl 544] White mustn't allow black to play e7-e6.} (19. c4 Nb6 20.
b3 e6) 19... fxe6 20. Nf3 {Now black's dark-squared bishop is absolutely
paralyzed.} e5 $8 21. Nxe5 e6 22. c4 (22. g6 {still doesn't work, in view of}
hxg6 23. h7 Nf6) 22... Ne7 (22... Nb4 23. g6 $1 $18) 23. Be3 Rg8 $8 (23... Rd8
24. Bb6 $1 $18) 24. Rd1 Ng6 25. Nxg6 Rxg6 26. Kf3 Rd8 {Black has to change the
rook, otherwise white's ones will invade into black's camp through the "d"
file.} 27. Rxd8+ Kxd8 28. Rd2+ $18 Kc7 29. Bd4 ({More precise was} 29. c5 $18)
29... Be7 ({More resistant was} 29... c5 30. Be5+ Kc8) 30. c5 $1 a5 31. a3 Kc8
32. b4 a4 33. Be5 {White's domination is absolute. He is going to transfer the
king to c4 and to provide the breakthrough b4-b5. Black is hopeless against
this plan.} Bd8 34. Ke3 Be7 35. Rd4 Bd8 36. Kd3 Bc7 37. Bxc7 Kxc7 38. Rd6 {
Now the king is going to e5 to capture all the black pawns on the kingside...}
1-0

[Event "Los Angeles"]
[Site "Los Angeles"]
[Date "2003.08.20"]
[Round "3"]
[White "Sevillano, Enrico"]
[Black "Minasian, Artashes"]
[Result "1-0"]
[WhiteElo "2490"]
[BlackElo "2571"]
[Annotator "Erenburg,S"]
[PlyCount "95"]
[EventDate "2003.08.18"]
[EventType "tourn"]
[EventRounds "9"]
[EventCountry "USA"]
[EventCategory "10"]
[SourceTitle "CBM 097"]
[Source "ChessBase"]
[SourceDate "2003.11.11"]
[SourceVersion "1"]
[SourceVersionDate "2003.11.11"]
[SourceQuality "1"]

1. e4 g6 2. d4 Bg7 3. Nc3 a6 {At this moment, it is a rare continuation.
Usually black plays} (3... d6) 4. a4 {preventing the moving of black pawn "b",
and keeping space advantage. There are some other possibilities:} (4. f4) (4.
Be3) (4. Nf3) 4... d6 5. Be2 Nc6 {Now black realizes the main idea of Pirc
defence- the attack on the white center.} 6. Nf3 Bg4 7. Be3 e5 8. dxe5 {
Interesting alternative to the move in the game, which seems to me more
principal, is} (8. d5 Nce7 9. O-O Nf6 10. Nd2 Bxe2 11. Qxe2 $14 {1/2-1/2
Brynell,S-Agrest,E/Haninge 1997/EXT 98 (34)}) 8... Bxf3 $6 {I think, that this
continuation gives some chance to white to get an advantage. Probably, the
following one provides to an equal position:} (8... dxe5 9. Qxd8+ Rxd8 10. Nd5
Rd7 11. O-O-O h5 12. Rd2 (12. h3 Bxf3 13. Bxf3 Bh6 14. c3 Bxe3+ 15. Nxe3 Nf6
$11 {1/2-1/2 Valenti,G-Azmaiparashvili,Z/11th Aosta Open, Saint Vincent ITA
2003 (60)}) 12... Nf6 13. Nxf6+ Bxf6 14. Rxd7 Kxd7 $11 {0-1 Gedevanishvili,
D-Johansen,D/Sydney 1990/CBM 20/[King] (38)}) 9. Bxf3 Nxe5 ({Black could
choose another pawn structure:} 9... dxe5 10. Nd5 Nge7 $6 (10... Nf6) 11. c3
Nxd5 12. exd5 Ne7 $6 (12... Na5 $142) 13. d6 Nc6 14. Qb3 Rb8 15. Bxc6+ $1 bxc6
16. d7+ $1 Ke7 17. Qa3+ Kf6 18. O-O-O $16 {1-0 Hall,J-Frode,E/Hallsberg 1991/
EXT 97 (31)}) 10. Be2 Ne7 (10... Nf6 11. f4 (11. O-O O-O 12. f4 Nc6 13. Qd2 Qd7
14. Kh1 Rfe8 15. Bf3 $14 {1-0 Kuczynski,R-Tseleng,E/Manila 1992/TD (43)}) 11...
Nc6 12. Bf3 O-O 13. O-O Re8 14. Qd2 Qd7 15. h3 $14 {1-0 Gross,D-Polzin,R/
Germany 1999/CBM 73 ext (49)}) 11. O-O $146 {Another possibility is} (11. Qd2 {
, which is saving the option of a long castle.  1/2-1/2 Kobese,W-Benjamin,J/
San Francisco 1998/CBM 66/[Yudasin,L] (41)}) 11... f5 $2 {seems to me very
dubious. It is too optimistic to play so active, when black didn't complete
the development, his monarch is still vulnerable in the centre...} (11... O-O
12. f4 N5c6 13. Bf3 f5 14. Qd2 $14) 12. Bg5 $1 {White has to play aggressive,
in order to punish black for his too optimistic previous move.} Qd7 {It is not
so easy to avoid "harmful" effects of unpleasant pin for black:} (12... O-O 13.
Nd5 N5c6 14. Nf4 $1 $16 {[%cal Ye2c4,Gf4e6]}) (12... h6 13. Bxe7 Qxe7 14. exf5
gxf5 15. Bh5+ Kd8 16. Nd5 $40) 13. Bxe7 $1 {with following occupation of d5
square by the knight.} Qxe7 14. Nd5 $32 Qf7 15. f4 $1 {taking control over the
c4 square.} (15. exf5 $14 {is also possible.}) 15... Nc6 16. Bc4 {Till now
white plays very strong, it is very difficult for black to neutralize white's
initiative.} Bd4+ (16... Bxb2 17. Nb6 Qg7 18. Nxa8 Bxa1 19. Nxc7+ Qxc7 20. Qxa1
$16) 17. Kh1 Qg7 18. c3 Bf6 19. exf5 O-O-O $8 20. Qd3 $1 $16 {/+-. White is a
pawn up, his pieces have occupied an excellent positions for attacking a black
monarch, which is very vulnerable on the queenside. So, white's position is
near to winning.} Ne7 $6 {Black's position is very bad, and, this move only
worsen it. But it is very difficult to give black a good advice. For example:}
(20... Kb8 21. b4 Ne7 22. b5 $1 $40) 21. Nxe7+ Bxe7 {[%tqu "En","Please enter
the best move for whtie.","","","c4a6","",10]} 22. Bxa6 $1 {[%mdl 512]} d5 $1 {
covering the a3 square. Otherwise, black loses immediately:} (22... bxa6 23.
Qxa6+ Kd7 (23... Kb8 24. Ra3 Qf7 25. c4 $18) 24. Qb5+ Kc8 (24... c6 25. Qb7+
Ke8 26. Qxc6+ Kf8 27. a5 $18) 25. a5 $18) {[%tqu "En","How can white to rescue
his light-squared bishop, thus, to save his big material advantage?","","",
"d3h3","",10]} 23. Qh3 $1 {In this way white allows his bishop to go back to
d3.} (23. Qb5 $2 bxa6 24. Qxa6+ Kb8 $1 $11 {[%csl Ge7][%cal Ye7a3]} (24... Kd7
25. Qb5+ (25. Qe6+ Ke8 26. a5 Qf6) 25... Kc8 (25... Kd6 26. c4 (26. Rae1 gxf5
27. Re5 Qf7 28. c4 $18)) 26. a5)) 23... Kb8 24. Bd3 $18 {Now white is two
pawns up. Black's position is hopeless, as he cannot create any counterplay,
overmore, his king is still very vulnerable. All these factors promise white a
decisive advantage.} Bc5 25. a5 Rhe8 26. Rfe1 gxf5 (26... d4 $5 {gave more
chances:} 27. Be4 (27. a6 Rxe1+ 28. Rxe1 dxc3 29. Qf3 c6 $16) 27... dxc3 28.
bxc3 Bf2 29. Re2 gxf5 30. Qxf5 Qxc3 31. Rf1 $18 {[%cal Yf5h7,Gf1b1]}) 27. Rxe8
Rxe8 28. Qxf5 {Now white is going to capture another pawn , and his material
advantage will increase to three pawns!} Qe7 29. Rf1 Qd6 30. Qxh7 {White is a
three pawns up, the rest is a matter of an easy technique.} Re6 31. h3 Ka7 32.
Qh5 Re3 33. Qf5 Re8 34. a6 bxa6 ({Doesn't change anything:} 34... Rf8 35. Qg5
Be3 36. g3 Qd7 37. Kg2 $18) 35. Ra1 Kb8 36. Bxa6 Be3 37. Qd3 c6 38. Re1 Qxf4 (
38... Qe6 39. Qh7 $18) 39. Qg6 Re7 40. Qxc6 Qg3 41. Ra1 Qc7 42. Qxd5 Rd7 43.
Qf3 Ba7 44. Be2 Rf7 45. Qg4 Bc5 46. Bf3 Qe7 47. Ra8+ Kc7 48. Qc8+ 1-0